000 00606nam a2200205 4500
001 26006
003 BD-RjUL
005 20211209050946.0
008 140320b1993 ii a|||| |||| 00| 0 eng d
035 _a(BD-RjUL)26076
040 _aBD-RjUL
_beng
_cBD-RjUL
041 _aeng
082 0 4 _a954
_bMII 1993
110 2 _aMinistry of External Affairs, India.
_979944
245 _aIndia :
_bcontinuity in change /
_cMinistry of External Affairs, India.
260 _aNew Delhi :
_bMinistry of External Affairs,
_c1993.
300 _a118 p. :
_bill. ;
_c31 cm.
651 0 _aIndia.
_979904
942 _2ddc
_cBK
999 _c26006
_d26006